Handbook of oral and maxillofacial surgery and implantology (Registro nro. 10834)

000 -CABECERA
Campo de control de longitud fija 02700nam a22004217a 4500
003 - IDENTIFICADOR DEL NÚMERO DE CONTROL
Campo de control OSt
005 - FECHA Y HORA DE LA ÚLTIMA TRANSACCIÓN
Campo de control 20260416151835.0
008 - CÓDIGOS DE INFORMACIÓN DE LONGITUD FIJA
Campo de control de longitud fija 260413t2024 xxu||||| |||| 00| 0 eng d
020 ## - NÚMERO INTERNACIONAL NORMALIZADO PARA LIBROS (ISBN)
Número Internacional Normalizado para Libros (ISBN) 978903136962971
020 ## - NÚMERO INTERNACIONAL NORMALIZADO PARA LIBROS (ISBN)
Número Internacional Normalizado para Libros (ISBN) 9783031369629
040 ## - FUENTE DE LA CATALOGACIÓN
Centro catalogador de origen Unicoc
Lengua de catalogación spa
Centro que cataloga Bogotá (Dr. David Ordóñez Rueda) - Campus Norte
Centro modificador Bogotá (Dr. David Ordóñez Rueda) - Campus Norte
082 ## - NÚMERO DE LA CLASIFICACIÓN DECIMAL DEWEY
Número de clasificación 617.52
100 ## - PUNTO DE ACCESO PRINCIPAL - NOMBRE DE PERSONA
9 (RLIN) 12906
Nombre de persona Keyhan, Seied Omid
245 ## - MENCIÓN DE TÍTULO
Título Handbook of oral and maxillofacial surgery and implantology
Mención de responsabilidad etc. / Seied Omid Keyhan, Parisa Yousefi, Mahtab Hosseini, Shaqayeq Ramezanzade, Alireza Parhiz
250 ## - MENCIÓN DE EDICIÓN
Mención de edición 1 Ed.
260 ## - PUBLICATION, DISTRIBUTION, ETC. (IMPRINT)
Lugar de publicación distribución etc. Suiza :
Nombre del editor distribuidor etc. Springer ,
Fecha de publicación distribución etc. 2024
300 ## - DESCRIPCIÓN FÍSICA
Extensión 3054 páginas
Otras características físicas Ilustraciones, tablas, gráficas
500 ## - NOTA GENERAL
Nota general Incluye referencias bibliográficas
505 ## - NOTA DE CONTENIDO CON FORMATO
Título 3D Printed Customized Subperiosteal Implants. --
-- Adipose Derived Stem Cell Chin Augmentation. --
-- Advanced Techniques in Facial Scar Management. --
-- Advancements in Blood-Derived Regenerative Therapies for Facial Rejuvenation. --
-- Advances in Imaging Techniques for Maxillofacial Diagnostics. --
-- Aesthetic Considerations in Transgender Patients. --
-- AI Applications in Chin-Related Surgeries: Toward More Accurate and Predictable Results. --
-- Alloplastic Facial Implants. --
-- Alveolar Ridge Preservation. --
-- Alveoloplasty. --
-- Anatomical Insights into Facial Arterial and Venous Systems for Safe Aesthetic Procedures. --
-- Anesthesiology in Oral and Maxillofacial Surgery (OMFS): Introduction and Development. --
-- Application of 3D Technology for Orthognathic Surgery. --
-- Arthroscopic Approaches of TMJ Associate. --
-- Artificial Intelligence. --
-- Augmentation Rhinoplasty. --
-- Aviation Medicine and Maxillofacial Considerations. --
-- Base of Tongue Surgery. --
-- Basic Approaches: Open and Close. --
-- Beyond the Scalpel. --
-- Bioelectrical Stimulation in Dental Implantology...
526 ## - NOTA DE INFORMACIÓN SOBRE EL PROGRAMA DE ESTUDIO
Institución que aplica el campo Unicoc
546 ## - NOTA DE LENGUA
Nota de lengua Español
650 #0 - PUNTO DE ACCESO ADICIONAL DE MATERIA - TÉRMINO DE MATERIA
9 (RLIN) 4197
Término de materia o nombre geográfico como elemento inicial Cirugía maxilofacial
650 #0 - PUNTO DE ACCESO ADICIONAL DE MATERIA - TÉRMINO DE MATERIA
9 (RLIN) 11097
Término de materia o nombre geográfico como elemento inicial Odontología digital
650 #0 - PUNTO DE ACCESO ADICIONAL DE MATERIA - TÉRMINO DE MATERIA
9 (RLIN) 85
Término de materia o nombre geográfico como elemento inicial Cirugía oral
650 #0 - PUNTO DE ACCESO ADICIONAL DE MATERIA - TÉRMINO DE MATERIA
9 (RLIN) 86
Término de materia o nombre geográfico como elemento inicial Cirugía bucal
650 #0 - PUNTO DE ACCESO ADICIONAL DE MATERIA - TÉRMINO DE MATERIA
9 (RLIN) 155
Término de materia o nombre geográfico como elemento inicial Implantología
650 #0 - PUNTO DE ACCESO ADICIONAL DE MATERIA - TÉRMINO DE MATERIA
9 (RLIN) 995
Término de materia o nombre geográfico como elemento inicial Medicina oral.
650 #0 - PUNTO DE ACCESO ADICIONAL DE MATERIA - TÉRMINO DE MATERIA
9 (RLIN) 12592
Término de materia o nombre geográfico como elemento inicial Biomateriales para el reemplazo óseo
658 #0 - TÉRMINO DE INDIZACIÓN - OBJETIVO CURRICULAR
9 (RLIN) 8074
Programa Académico Especialización en Rehabilitación Oral
658 #0 - TÉRMINO DE INDIZACIÓN - OBJETIVO CURRICULAR
9 (RLIN) 8071
Programa Académico Especialización en Endodoncia
658 #0 - TÉRMINO DE INDIZACIÓN - OBJETIVO CURRICULAR
9 (RLIN) 11722
Programa Académico Especialización en Ortodoncia y Ortopedia Maxilar
700 ## - PUNTO DE ACCESO ADICIONAL - NOMBRE DE PERSONA
9 (RLIN) 12907
Nombre de persona Parisa Yousefi
700 ## - PUNTO DE ACCESO ADICIONAL - NOMBRE DE PERSONA
9 (RLIN) 12908
Nombre de persona Hosseini, Mahtab
700 ## - PUNTO DE ACCESO ADICIONAL - NOMBRE DE PERSONA
9 (RLIN) 12909
Nombre de persona Ramezanzade, Shaqayeq
700 ## - PUNTO DE ACCESO ADICIONAL - NOMBRE DE PERSONA
9 (RLIN) 12910
Nombre de persona Parhiz. Alireza
856 ## - LOCALIZACIÓN Y ACCESO ELECTRÓNICOS
Texto del enlace Acceso online exclusivo para comunidad Unicoc
Identificador Uniforme del Recurso (URI) https://unicoceduco-my.sharepoint.com/:b:/g/personal/direccionbiblioteca_unicoc_edu_co/IQBoptr_jpPTTJFOga8e7xv1ASVBAebfiCzKVBe9Msto5hY
942 ## - ENTRADA PARA ELEMENTOS AGREGADOS (KOHA)
Fuente de clasificación o esquema de ordenación en estanterías
Koha [por defecto] tipo de item Libro electrónico
Existencias
Signatura completa Estado de pérdida Localización permanente Localización actual Fuente de clasificación o esquema de ordenación en estanterías Código de barras Fuente de adquisición Fecha de adquisición No para préstamo Código de colección Fecha del precio de reemplazo Estropeado Precio Tipo de item de Koha Fecha última consulta
617.52 Bogotá (Dr. David Ordóñez Rueda) - Campus NorteBogotá (Dr. David Ordóñez Rueda) - Campus Norte Ebook10834Compra2026-04-13 Coleccion Online2026-04-13 200000.00Libro electrónico2026-04-13

© 2014 UNICOC | Institución Universitaria Colegios de Colombia - UNICOC
Bogotá D.C. Autopista Norte Km. 20. Teléfono:(571)6683535
Cali: Calle 13 Norte No. 3N-13. Teléfono: (572)6608887

Con tecnología de Koha